Szczegóły MARC21

Ekonomia współdziałania : katolicka nauka społeczna wobec wyzwań globalnego kapitalizmu /

003 -Nazwa inst., której nr kontr. jest w polu 001 [,]
    • @
    • Nazwa instytucji, której n kontrolny jest w polu 001
    • NUKAT
005 -DATA I CZAS OSTATNIEJ MODYFIKACJI [,]
    • @
    • pole kontrolne
    • 20241231112632.0
020 -Międzynarod. znormalizowany nr książki - ISBN [ , ]
    • a
    • Numer ISBN
    • 9788323341468 Find
020 -Międzynarod. znormalizowany nr książki - ISBN [ , ]
    • a
    • Numer ISBN
    • 9788323394877 Find
    • q
    • Dopowiedzenie
    • e-book
040 -Instytucja sporządzająca opis [ , ]
    • a
    • Instytucja, która sporządziła opis (NP)
    • KR 253/AS
    • c
    • Instytucja, która sporządziła rekord (NP)
    • KR 253/AS
    • d
    • Instytucja, która zmodyfikowała rekord (P)
    • WR U/ass
    • d
    • Instytucja, która zmodyfikowała rekord (P)
    • KAT 001/PD
    • d
    • Instytucja, która zmodyfikowała rekord (P)
    • LEG WSD/ŁDs
942 -Rodzaj dokumentu [ , ]
    • c
    • Rodzaj dokumentu
    • Książka
100 -Hasło główne - nazwa osobowa [1, ]
    • a
    • Nazwa osobowa (NP)
    • Łętocha, Rafał
    • d
    • Daty biograficzne (NP)
    • (1973- ).
    • 9
    • KHW
    • 405393
245 -Strefa tytułu i oznaczenia odpowiedzialności [1,0]
    • a
    • Tytuł
    • Ekonomia współdziałania : Find
    • b
    • Ciąg dalszy tytułu (NP)
    • katolicka nauka społeczna wobec wyzwań globalnego kapitalizmu / Find
    • c
    • Pozostałe elementy strefy tytułu i oznaczenia odpowiedzialności (NP)
    • Rafał Łętocha.
260 -Strefa adresu wydawniczego [ , ]
    • a
    • Miejsce wydania (P)
    • Kraków :
    • b
    • Nazwa wydawcy (P)
    • Wydawnictwo Uniwersytetu Jagiellońskiego,
    • c
    • Data wydania (P)
    • 2016.
300 -Strefa opisu fizycznego [ , ]
    • a
    • Określenie formy książki i/lub objętość (NP)
    • 249, [1] s. ;
    • c
    • Format (NP)
    • 25 cm.
336 -Typ zawartości [ , ]
    • a
    • Termin opisujący typ zawartości
    • Tekst
    • b
    • Kod określający zawartość
    • txt
    • 2
    • Źródło (terminu i kodu)
    • rdacontent
337 -Typ mediów [ , ]
    • a
    • Tryb odtwarzania
    • Bez urządzenia pośredniczącego
    • b
    • Kod typu mediów
    • n
    • 2
    • Źródło (terminu i kodu)
    • rdamedia
338 -Typ/rodzaj nośnika [ , ]
    • a
    • Hasło opisujące typ nośnika
    • Wolumin
    • b
    • Kod typu nośnika
    • nc
    • 2
    • Źródło (terminu i kodu)
    • rdacarrier
380 -Deskryptor - Forma dzieła (P) [ , ]
    • a
    • forma dzieła (NP)
    • Książki
380 -Deskryptor - Forma dzieła (P) [ , ]
    • a
    • forma dzieła (NP)
    • Publikacje naukowe
388 -Deskryptor - czas powstania dzieła (P) [1, ]
    • a
    • Czas powstania dzieła (NP)
    • 2001-
504 -Uwaga dot. bibliogr. załącznikowej [ , ]
    • a
    • Uwaga dot. bibliografii załącznikowej
    • Bibliogr. s. [233]-243. Indeks.
650 -Hasło przedmiotowe [ ,7]
    • a
    • Hasło przedmiotowe
    • Kościół katolicki
    • x
    • Określnik rzeczowy
    • doktryna społeczna.
    • 2
    • Źródło terminu
    • kaba
    • 9
    • KHW
    • 115588
650 -Hasło przedmiotowe [ ,7]
    • a
    • Hasło przedmiotowe
    • Ekonomia
    • x
    • Określnik rzeczowy
    • aspekt religijny
    • x
    • Określnik rzeczowy
    • chrześcijaństwo.
    • 2
    • Źródło terminu
    • kaba
    • 9
    • KHW
    • 107441
650 -Hasło przedmiotowe [ ,7]
    • a
    • Hasło przedmiotowe
    • Ekonomia społeczna
    • 2
    • Źródło terminu
    • DBN
    • 9
    • KHW
    • 725067
650 -Hasło przedmiotowe [ ,7]
    • a
    • Hasło przedmiotowe
    • Gospodarka kapitalistyczna
    • 2
    • Źródło terminu
    • DBN
    • 9
    • KHW
    • 740888
650 -Hasło przedmiotowe [ ,7]
    • a
    • Hasło przedmiotowe
    • Ekonomia współpracy
    • 2
    • Źródło terminu
    • DBN
    • 9
    • KHW
    • 611545
650 -Hasło przedmiotowe [ ,7]
    • a
    • Hasło przedmiotowe
    • Katolicka nauka społeczna
    • 2
    • Źródło terminu
    • DBN
    • 9
    • KHW
    • 743416
655 -Hasło w funkcji tematu formalnego [ ,7]
    • a
    • Hasło
    • Eseje polskie
    • y
    • Określnik chronologiczny
    • 1990-.
    • 2
    • Źródło terminu
    • kaba
    • 9
    • KHW
    • 364944
655 -Hasło w funkcji tematu formalnego [ ,7]
    • a
    • Hasło
    • Opracowanie
    • 2
    • Źródło terminu
    • DBN
    • 9
    • KHW
    • 721206
658 -Ujęcie treści [ , ]
    • a
    • dziedzina nauki i sztuki/ sfera aktywności życiowej
    • Gospodarka, ekonomia, finanse
658 -Ujęcie treści [ , ]
    • a
    • dziedzina nauki i sztuki/ sfera aktywności życiowej
    • Historia
658 -Ujęcie treści [ , ]
    • a
    • dziedzina nauki i sztuki/ sfera aktywności życiowej
    • Religia i duchowość
710 -Hasło dodatkowe - nazwa ciała zbiorowego [2, ]
    • a
    • Nazwa ciała zbiorowego lub nazwa geograficzna jako pierwszy element (NP)
    • Uniwersytet Jagielloński.
    • b
    • Nazwa jednostki podrzędnej (P)
    • Wydawnictwo.
    • 4
    • Kod relacji
    • pbl
    • 9
    • KHW
    • 52643
920 -ISBN [ , ]
    • a
    • ISBN
    • 978-83-233-4146-8 Find
920 -ISBN [ , ]
    • a
    • ISBN
    • 978-83-233-9487-7 Find
    • q
    • Dopowiedzenie
    • e-book
Status udost. Numer inwentarzowy Lokalizacja Data inwentaryzacji
-2E.77194BE2017-01-24